000 00835nas a2200253 4500
001 BR8802022
003 BR-BrBNA
005 20231205091105.0
007 ta
008 230509b bl.|||p| |||| 00| 00por d
040 _aBR-BrBNA
_bpor
_cBiblioteca Nacional de Agricultura
041 _a(Pt)
072 _aQ02
100 1 _aXavier, R.L.
100 1 _aArdito, E. de F.G.
100 1 _aMorais, C. de
245 1 _aIsotermas de adsorcao de umidade de blocos salgados, prensados e secos de pescado
246 1 _aStudies on adsorption isotherms of salted pressed and dried fish blocks
650 _aPEIXE
650 _aPROCESSAMENTO
773 0 _tColetanea do Instituto de Tecnologia de Alimentos (Brazil)
_xISSN 0100-350X
_g(1986), v. 16 p. 81-92
_wBR8802022
909 _a202311
_bLúcia
_c55
_dLúcia Elande
942 _2AGRIS
_n0
_cANA
999 _c122697
_d122697